Three Albums, One Artist - New Wave and 80s - Statistics

General Stats
  • This quiz has been taken 186 times
  • The average score is 17 of 36
Answer Stats
Hint Answer % Correct
London Calling, Sandista!, Combat Rock The Clash
99%
Rio, Seven and the Ragged Tiger, Notorious Duran Duran
90%
The Age of Plastic, Adventures in Modern Recording, Video Killed the Radio Star Buggles
76%
Zenyattà Mondatta, Synchronicity, Reggatta de Blanc The Police
74%
The Hurting, Songs From the Big Chair, The Seeds of Love Tears for Fears
69%
Avalon, Siren, Country Life Roxy Music
68%
Systems of Romance, Ha! Ha! Ha!, Vienna Ultravox
67%
Remain in Light, Speaking in Tongues, Fear of Music Talking Heads
61%
Parallel Lines, Eat to the Beat, Autoamerican Blondie
59%
It's My Life, The Colour of Spring, Spirit of Eden Talk Talk
59%
Power, Corruption & Lies, Low-life, Technique New Order
58%
Q: Are We Not Men? A: We Are ____!, Freedom of Music, Duty Now for the Future DEVO
57%
The Lexicon of Love, Beauty Stab, How to Be a...Zillionaire! ABC
56%
Reproduction, Travelogue, Dare The Human League
54%
Non-Stop Erotic Carabet, Non-Stop Ecstatic Dancing, The Art of Falling Apart Soft Cell
51%
Searching for the Young Soul Rebels, Too-Rye-Ay, Don't Stand Me Down Dexys Midnight Runners
48%
Marquee Moon, Adventure, __________ Television
46%
Wild Planet, Whammy, The _-__'_ The B-52's
45%
My Aim is True, This Year's Model, Get Happy!! Elvis Costello
44%
Dazzle Ships, Architecture & Morality, Organisation Orchestral Manoeuvres in the Dark
40%
Warm Leatherette, Nightclubbiing, Slave to the Rhythm Grace Jones
39%
New Gold Dream (81-82-83-84), Sparkle in the Rain, Once Upon the Time Simple Minds
39%
Setting Sons, Sound Affects, All Mod Cons The Jam
39%
Soul Mining, Infected, Mind Bomb The The
39%
Replicas, The Pleasure Principle, Telekon Gary Numan
37%
Only a Lad, Dead Man's Party, Nothing to Fear Oingo Boingo
37%
Tin Drum, Gentlemen Take Polaroids, Quiet Life Japan
36%
Look Sharp!, Night and Day, I'm the Man Joe Jackson
35%
Rattus Norvegicus, No More Heroes, Black and White Stranglers
34%
I Just Can't Stop It, Special Beat Service, Wha'ppen? The Beat
33%
Drums and Wires, Black Sea, White Music XTC
31%
New Boots and Panties!!, Do It Yourself, Laughter Ian Dury
23%
The Golden Age of Wireless, The Flat Earth, Aliens Ate My Buick Thomas Dolby
19%
Jesus of Cool, Labour of Lust, Nick the Knife Nick Lowe
18%
The Affectionate Punch, Sulk, Perhaps Associates
14%
The Love That Whirls (Diary of a Thinking Heart), Quit Dreaming and Get on the Beam, Chimera Bill Nelson
7%
No matching quizzes found
Score Distribution
Percent of People with Each Score
Percentile by Number Answered
Your Score History
You have not taken this quiz